Proposed changes to Planning Policy Statement 6 (Record no. 108462)
[ view plain ]
| 000 -LEADER | |
|---|---|
| fixed length control field | 01877cad a22002775a 4500 |
| 001 - CONTROL NUMBER | |
| control field | L144335 |
| 008 - FIXED-LENGTH DATA ELEMENTS--GENERAL INFORMATION | |
| fixed length control field | 110419s20080710xxkad f s f000 0 eng d |
| 035 ## - SYSTEM CONTROL NUMBER | |
| System control number | (Sirsi) u144335 |
| 041 0# - LANGUAGE CODE | |
| Language code of text/sound track or separate title | eng |
| 110 2# - MAIN ENTRY--CORPORATE NAME | |
| Corporate name or jurisdiction name as entry element | United Kingdom |
| Subordinate unit | Department for Communities and Local Government |
| 9 (RLIN) | 4939 |
| 245 00 - TITLE STATEMENT | |
| Title | Proposed changes to Planning Policy Statement 6 |
| Remainder of title | planning for town centres - consultation |
| Medium | [electronic resource] |
| 260 ## - PUBLICATION, DISTRIBUTION, ETC. | |
| Place of publication, distribution, etc. | London |
| Name of publisher, distributor, etc. | DCLG |
| Date of publication, distribution, etc. | 2008 |
| 505 2# - FORMATTED CONTENTS NOTE | |
| Formatted contents note | Ministerial foreword -- Introduction -- Proposed changes to chapters 1 and 2 of PPS6 -- Proposed replacement chapter 3 of PPS6 -- Proposed changes to chapter 4 of PPS6 -- Partial impact assessment -- Consultation questions -- The consultation criteria -- Approach to proposed practice guideline |
| 520 ## - SUMMARY, ETC. | |
| Summary, etc. | Consultation on revisions to Planning Policy Statement 6 (PPS6) follows the commitment in the Planning White Paper Planning for a Sustainable Future to look at the current approach in PPS6 of assessing the impact of proposals outside town centres in a way which maintains a strong focus on the town centre first policy and which promotes competition and improves consumer choice. |
| 521 ## - TARGET AUDIENCE NOTE | |
| Target audience note | Advanced |
| 590 ## - LOCAL NOTE (RLIN) | |
| Local note | KA NTK |
| 650 24 - SUBJECT ADDED ENTRY--TOPICAL TERM | |
| Topical term or geographic name entry element | PLANNING POLICY STATEMENT 6 (PLANNING FOR TOWN CENTRES) |
| 650 24 - SUBJECT ADDED ENTRY--TOPICAL TERM | |
| Topical term or geographic name entry element | BARKER REVIEW OF LAND USE PLANNING |
| 650 24 - SUBJECT ADDED ENTRY--TOPICAL TERM | |
| Topical term or geographic name entry element | PLANNING WHITE PAPER 2007 (PLANNING FOR A SUSTAINABLE FUTURE) |
| 650 24 - SUBJECT ADDED ENTRY--TOPICAL TERM | |
| Topical term or geographic name entry element | PLANNING POLICY STATEMENT 1 (DELIVERING SUSTAINABLE DEVELOPMENT) |
| 650 24 - SUBJECT ADDED ENTRY--TOPICAL TERM | |
| Topical term or geographic name entry element | PLANNING POLICY STATEMENT 3 |
| 651 #4 - SUBJECT ADDED ENTRY--GEOGRAPHIC NAME | |
| Geographic name | England and Wales |
| Chronological subdivision | 1543- |
| 690 ## - LOCAL SUBJECT ADDED ENTRY--TOPICAL TERM (OCLC, RLIN) | |
| Topical term or geographic name as entry element | ENVIRONMENTAL AND LAND CONSULTANCY-PLANNING AND DEVELOPMENT-PLANNING REFORM |
| 856 40 - ELECTRONIC LOCATION AND ACCESS | |
| Uniform Resource Identifier | <a href="https://tna.europarchive.org/20110202162303/http://www.communities.gov.uk/archived/publications/planningandbuilding/pp6consultation">https://tna.europarchive.org/20110202162303/http://www.communities.gov.uk/archived/publications/planningandbuilding/pp6consultation</a> |
| Public note | View the document free of charge at http://tna.europarchive.org |
| 942 ## - ADDED ENTRY ELEMENTS (KOHA) | |
| Suppress in OPAC | 0 |
| Withdrawn status | Lost status | Source of classification or shelving scheme | Damaged status | Not for loan | Home library | Current library | Shelving location | Date acquired | Total Checkouts | Full call number | Barcode | Date last seen | Copy number | Price effective from | Koha item type |
|---|---|---|---|---|---|---|---|---|---|---|---|---|---|---|---|
| Dewey Decimal Classification | Virtual | Virtual | Online | 11/07/2008 | ONLINE PUBLICATION | 144335-1001 | 06/08/2019 | 1 | 06/08/2019 | Book |